Normal view
MARC view
Entry Topical Term
001 - CONTROL NUMBER
- control field: 21895
003 - CONTROL NUMBER IDENTIFIER
- control field: OSt
005 - DATE AND TIME OF LATEST TRANSACTION
- control field: 20130717143907.0
008 - FIXED-LENGTH DATA ELEMENTS
- fixed length control field: 130717|| aca||aabn | a|a d
040 ## - CATALOGING SOURCE
- Original cataloging agency: OSt
- Transcribing agency: OSt
600 ## -
- : Information technology
- : Developing countries.
670 ## - SOURCE DATA FOUND
- Source citation: Work cat.: (OSt): Sullivan, Nicholas P. 21892, You can hear me now : , c2007.
